• 首页
  • 本馆介绍
  • 公告通知
  • 最新文献
  • 馆藏检索
  • 电子资源
  • 读者导购
  • 参考咨询
  • 我的图书馆
  • 登录
  • 详细信息显示
  • 放入我的书架
  • 预约/预借图书
  • 作者相关作品
  • 分类相关作品
  • 丛书相关作品
  • 出版社相关作品

书目信息

  • 表格格式
  • 工作单格式
  • 卡片格式
题名:
闻香识玉
    
 
作者: 知缘村 著
分册:  
出版信息: 上海   上海三联书店  2012.08
页数: 658页
开本: 26cm
丛书名:
单 册:
中图分类: D691.968
科图分类:
主题词: 女性--社会生活--研究--中国--古代 , 女性 , 社会生活
电子资源:
ISBN: 978-7-5426-3836-6
000 00884nam0 2200265 450
001 012012284653
005 20130504150826.14
010    @a978-7-5426-3836-6@dCNY76.00
100    @a20121128d2012 em y0chiy50 ea
101 0  @achi
102    @aCN@b310000
105    @aa z 000yy
106    @ar
200 1  @a闻香识玉@9wen xiang shi yu@e中国古代闺房脂粉文化演变@f知缘村著
210    @a上海@c上海三联书店@d2012.08
215    @a658页@c图@d26cm
330    @a本书是一部关于中国古代闺房文化概略及流源的民俗学专著,含脂粉化妆术、闺房陈设、服饰造型等的历代沿变。
517 1  @a中国古代闺房脂粉文化演变@9zhong guo gu dai gui fang zhi fen wen hua yan bian
606 0  @a女性@x社会生活@x研究@y中国@z古代
606 0  @a女性
606 0  @a社会生活
690    @aD691.968@v5
701  0 @a知缘村@9zhi yuan cun@4著
801  0 @aCN@bRENTIAN@c20121128
905    @b543031-35@dD691.968@e196@f5
    
    闻香识玉:中国古代闺房脂粉文化演变/知缘村著.-上海:上海三联书店,2012.08
    658页:图;26cm
    
    
    ISBN 978-7-5426-3836-6:CNY76.00
    本书是一部关于中国古代闺房文化概略及流源的民俗学专著,含脂粉化妆术、闺房陈设、服饰造型等的历代沿变。
●
相关链接 在E读中查询图书 在五车中查询图书 在当当中查询图书 在豆瓣中查询图书


正题名:闻香识玉     索取号:D691.968/196         预约/预借

序号 登录号 条形码 馆藏地/架位号 状态 备注
1 543031   205430318   第一样本阅览室/ [索取号:D691.968/196] 在馆    
2 543032   205430327   第一借阅区/ [索取号:D691.968/196] 在馆    
3 543033   205430336   第一借阅区/ [索取号:D691.968/196] 在馆    
4 543034   205430345   第一借阅区/ [索取号:D691.968/196] 在馆    
5 543035   205430354   第一借阅区/ [索取号:D691.968/196] 在馆    
唐山师范学院图书馆 欢迎您!
大连网信软件有限公司© 版权所有